معجم الصناعات الغذائية والتغذية : المصطلحات - التعاريف الفنية والعلمية / (رقم التسجيلة. 33530)

تفاصيل مارك
000 -LEADER
fixed length control field 00692nam a22001937a 4500
005 - DATE AND TIME OF LATEST TRANSACTION
control field 20251108165854.0
008 - FIXED-LENGTH DATA ELEMENTS--GENERAL INFORMATION
fixed length control field 250721s1993 xx 000 0 ara d
082 14 - DEWEY DECIMAL CLASSIFICATION NUMBER
Classification number م/664.03/صدي
100 1# - MAIN ENTRY--PERSONAL NAME
Personal name صديق، محمد فهمي
245 10 - TITLE STATEMENT
Title معجم الصناعات الغذائية والتغذية : المصطلحات - التعاريف الفنية والعلمية /
264 1# - PRODUCTION, PUBLICATION, DISTRIBUTION, MANUFACTURE, AND COPYRIGHT NOTICE
Place of production, publication, distribution, manufacture القاهرة :
Name of producer, publisher, distributor, manufacturer الدار العربية للنشر والتوزيع،
Date of production, publication, distribution, manufacture, or copyright notice 1993.
300 ## - PHYSICAL DESCRIPTION
Extent 503ص
650 17 - SUBJECT ADDED ENTRY--TOPICAL TERM
Topical term or geographic name as entry element صناعة الأغذية
650 17 - SUBJECT ADDED ENTRY--TOPICAL TERM
Topical term or geographic name as entry element القواميس
650 17 - SUBJECT ADDED ENTRY--TOPICAL TERM
Topical term or geographic name as entry element مصطلحات
700 1# - ADDED ENTRY--PERSONAL NAME
Personal name عبد القادر، محمد أحمد
942 ## - ADDED ENTRY ELEMENTS (KOHA)
Source of classification or shelving scheme Dewey Decimal Classification
Koha item type مراجع
المقتنيات
حالة السحب حالة الفقدان مصدر التصنيف حالة التلف غير قابل للإعارة المكتبة الرئيسية المكتبة الحالية موقع الرف تاريخ التزويد الرقم المتسلسل Total Checkouts رقم الإستدعاء الباركود تاريخ آخر ظهور تاريخ الفاتورة نوع المادة (كوها)
    Dewey Decimal Classification   Not For Loan المكتبة المركزية المكتبة المركزية مراجع 06/07/2004 181900   م/664.03/صدي 181900 28/07/2025 06/07/2004 مراجع
    Dewey Decimal Classification   Not For Loan مكتبة الأميرة ايمان العامة مكتبة الأميرة ايمان العامة مراجع 07/10/2013 [3765]   م/664.03/صدي PLD00282574 28/07/2025 07/10/2013 مراجع
Implemented & Customized by: BBB with SCIT (Smart Chains for Information Technology)

Powered by Koha